| 000 | 00686nam a22001937a 4500 | ||
|---|---|---|---|
| 999 |
_c19203 _d19203 |
||
| 003 | AR-CdUCM | ||
| 008 | 190516b ||||| |||| 00| 0 spa d | ||
| 040 |
_aMUNICIPALIDAD PROVINCIAL DEL CUSCO _cBIBLIOTECA MUNICIPAL DEL CUSCO |
||
| 082 |
_a370.61 / _bC35 |
||
| 100 |
_aCastro Harrison, Jorge _930412 |
||
| 245 | _aSaludo al Cuzco / | ||
| 300 |
_a112 paginas ; _bIlustraciones, tablas, cuadros, _c23 cm. |
||
| 505 | _aContenido: Saludo al cuzco -- Informe de la secretaria general de fedespe -- VII convención nacional de directores -- | ||
| 650 |
_aEducación _9460 |
||
| 650 |
_aDirectores _940400 |
||
| 650 |
_aHistoria _9136 |
||
| 942 |
_2ddc _cLIBROS |
||
| 945 |
_apjha _d2019-05-16 |
||